Quizzes
Events
Quiz Creation
Community
Videos
Private Events
Remove Ads
Sign In
Join for FREE
Feedback
Dark Mode
Quiz Categories
Sports
Geography
Music
Movies
Television
Just For Fun
Miscellaneous
History
Literature
Language
Science
Gaming
Entertainment
Religion
Holiday
For Kids
Quiz Lab
Recent
Popular Today
Quiz Kudos Today
Editor Picks
Curator Picks
Quizzes by...
Day
Popularity
Type
Ratings
Length
Year
Community
Subscriptions
Recent Discussions
Orange Saloon
Badges
Playlists
Quests
Create
Leaderboards
Showdown
Live 5
Trivia Bingo
Activity
Puzzle Library
Sporcle Events
Private Events
Virtual Trivia
Globe League
Become a Host
Pub Owners
SporcleCon
Opinionation
Our Games
Videos
Blog
Mobile Apps
Partnerships
Remove Ads and Go Orange
Feedback
Sports
Athletes
MLB
NBA
NHL
NFL
Soccer
Sports Teams
WWE
NCAA
Football
Premier League
Basketball
Baseball
Hockey
Golf
Tennis
Cricket
Rugby
Auto Racing
Olympics
World Cup
Sports
Athletes
MLB
NBA
NHL
NFL
Soccer
Sports Teams
WWE
NCAA
Football
Premier League
Basketball
Baseball
Hockey
Golf
Tennis
Cricket
Rugby
Auto Racing
Olympics
World Cup
Random Quiz
Search Sporcle
×
Quiz Lab
Quiz Lab
Sports
Scotland
Type in answers that appear in a list
Type in answers that appear in a list
Classic
Best Score? Go Orange.
Gretna Opening Day XIs Stats
Can you name the Gretna Opening Day XIs?
By
purplefrogg6
10m
66 Questions
89 Plays
89 Plays
89 Plays
Comments
Comments
Give Quiz Kudos
Give Quiz Kudos
-
- Ratings
hide this ad
Replay
Link that replays current quiz
Next Quiz
Link to next quiz in quiz playlist
You Got
0%
They Got
Avg Score
43%
Avg Friend Score
Upgrade to see
Score Distribution
Jump to the score distribution portion of the page
Score
0/66
Timer
10:00
0
Plays Today
Year
Player
% Correct
2005/
06 5-
1 vs Forfar
Kenny Deuchar
84.3%
2006/
07 6-
0 vs Hamilton
Kenny Deuchar
84.3%
2002/
03 1-
1 vs Morton
Gavin Skelton
80.9%
2003/
04 1-
1 vs Queen's Park
Gavin Skelton
80.9%
2004/
05 6-
0 vs Albion Rovers
Gavin Skelton
80.9%
2005/
06 5-
1 vs Forfar
Gavin Skelton
80.9%
2006/
07 6-
0 vs Hamilton
Gavin Skelton
80.9%
2007/
08 0-
4 vs Falkirk
Gavin Skelton
80.9%
2006/
07 6-
0 vs Hamilton
James Grady
78.7%
2005/
06 5-
1 vs Forfar
Alan Main
74.2%
2006/
07 6-
0 vs Hamilton
Alan Main
74.2%
2004/
05 6-
0 vs Albion Rovers
Andy Smith
62.9%
2006/
07 6-
0 vs Hamilton
Steve Tosh
62.9%
2004/
05 6-
0 vs Albion Rovers
David Bingham
61.8%
2005/
06 5-
1 vs Forfar
David Bingham
61.8%
2002/
03 1-
1 vs Morton
Ryan McGuffie
58.4%
2002/
03 1-
1 vs Morton
Davie Irons
58.4%
2005/
06 5-
1 vs Forfar
Ryan McGuffie
58.4%
2005/
06 5-
1 vs Forfar
Chris Innes
58.4%
2006/
07 6-
0 vs Hamilton
Ryan McGuffie
58.4%
2006/
07 6-
0 vs Hamilton
Chris Innes
58.4%
2007/
08 0-
4 vs Falkirk
Chris Innes
58.4%
2004/
05 6-
0 vs Albion Rovers
Derek Townsley
55.1%
2005/
06 5-
1 vs Forfar
Derek Townsley
55.1%
2006/
07 6-
0 vs Hamilton
Derek Townsley
55.1%
2007/
08 0-
4 vs Falkirk
Greg Fleming
52.8%
2007/
08 0-
4 vs Falkirk
Colin McMenamin
52.8%
2002/
03 1-
1 vs Morton
David Mathieson
49.4%
2003/
04 1-
1 vs Queen's Park
David Mathieson
49.4%
2004/
05 6-
0 vs Albion Rovers
David Mathieson
49.4%
2007/
08 0-
4 vs Falkirk
Danny Grainger
49.4%
2007/
08 0-
4 vs Falkirk
Fabian Yantorno
48.3%
2004/
05 6-
0 vs Albion Rovers
Ryan Baldacchino
41.6%
Year
Player
% Correct
2005/
06 5-
1 vs Forfar
Ryan Baldacchino
41.6%
2007/
08 0-
4 vs Falkirk
Abdul Osman
41.6%
2005/
06 5-
1 vs Forfar
Davie Nicholls
40.4%
2007/
08 0-
4 vs Falkirk
Allan Jenkins
40.4%
2005/
06 5-
1 vs Forfar
Jamie McQuilken
39.3%
2006/
07 6-
0 vs Hamilton
Jamie McQuilken
39.3%
2007/
08 0-
4 vs Falkirk
David Graham
39.3%
2007/
08 0-
4 vs Falkirk
Craig Barr
38.2%
2004/
05 6-
0 vs Albion Rovers
Mark Birch
37.1%
2004/
05 6-
0 vs Albion Rovers
Andy Aitken
36%
2006/
07 6-
0 vs Hamilton
Brendan McGill
34.8%
2007/
08 0-
4 vs Falkirk
Paul Murray
34.8%
2005/
06 5-
1 vs Forfar
Derek Collins
31.5%
2003/
04 1-
1 vs Queen's Park
Paul O'Neil
29.2%
2003/
04 1-
1 vs Queen's Park
David Holdsworth
28.1%
2004/
05 6-
0 vs Albion Rovers
David Holdsworth
28.1%
2003/
04 1-
1 vs Queen's Park
Mick Galloway
25.8%
2004/
05 6-
0 vs Albion Rovers
Mick Galloway
25.8%
2006/
07 6-
0 vs Hamilton
Martin Canning
24.7%
2003/
04 1-
1 vs Queen's Park
Martin Cameron
16.9%
2002/
03 1-
1 vs Morton
Mark Dobie
14.6%
2002/
03 1-
1 vs Morton
Tommy Turner
13.5%
2003/
04 1-
1 vs Queen's Park
Gary Cohen
13.5%
2002/
03 1-
1 vs Morton
John Hore
12.4%
2003/
04 1-
1 vs Queen's Park
Richard Prokas
10.1%
2004/
05 6-
0 vs Albion Rovers
Richard Prokas
10.1%
2002/
03 1-
1 vs Morton
Steven Skinner
9%
2003/
04 1-
1 vs Queen's Park
Steven Skinner
9%
2002/
03 1-
1 vs Morton
Wayne Gordon
4.5%
2003/
04 1-
1 vs Queen's Park
Keith Knox
4.5%
2002/
03 1-
1 vs Morton
Matt Henney
3.4%
2003/
04 1-
1 vs Queen's Park
James Allen
2.2%
2002/
03 1-
1 vs Morton
David Hewson
1.1%
Quiz Playlist
Details
Report
Send in Message
Add To Playlist
Classic:
Type in answers that appear in a list
Last Updated: Feb 16, 2017
Quiz Scoreboard
CHALLENGE
Sign Up to Join the Scoreboard
Show All
Scores
Hide
Comments
May contain spoilers
Recently Published
Presidents Visiting Landmarks
by Hejman
History
7m
An Introduction to Baseball
by treessimontrees
Sports
5m
Movies - When Are They Set?
by FPL_Elf
Movies
5m
More to Explore
Quiz From the Vault
Featured Blog Post
Where Did the Easter Bunny Come From?
hide this ad
You Might Also Like...
Tags
Scotland
scottish
Scottish Football
Scottish League
spl
SPL Clubs
Today's Top Quizzes in Sports
Browse Sports
hide this ad
Today's Top Quizzes in Scotland
Browse Scotland
Top Contributed Quizzes in Sports
1
Les meilleurs buteurs des matchs entre le PSG et l’OM
2
2022 World Cup Stars
3
FIFA Club World Cup Champions
4
Les entraîneurs de l'OM et du PSG au 21e siècle
5
Name the Premier League winners with different clubs
6
La finale Lions - Afrique du Sud 2021
7
5-to-1: UK Sports Teams
8
England Test cricketers to play under Nasser Hussain
9
Players with Multiple 50 Home Run Seasons
10
AFC Teams Reveal (Wrong Answers Minefield)
Explore More
Trending Topics
Disney
Marvel
Anime
NBA
Crossword
Harry Potter
Kpop
Song
Pokémon
Puzzle
The Office
NFL
Country
Soccer
WWE
hide this ad
More By:
purplefrogg6
Quiz
Plays
Rating
Category
Featured
Created
Rangers Top-5 Scorers since 98/99
3,404
Sports
Apr 24, 2017
Celtic Top-5 Scorers since 98/99
2,789
5.00
Sports
Mar 31, 2017
SPL/SPFL Premiership top scorers by season
1,883
4.57
Sports
May 21, 2012
Rangers Opening Day XIs
1,604
4.75
Sports
Apr 27, 2013
Aberdeen Top-5 Scorers since 98/99
1,159
Sports
Mar 31, 2017
Go to Creator's Profile
Score Distribution
Quiz Creator Spotlight
purplefrogg6
Follow
Send a Message
Quizzes Created
-
Created Quiz Play Count
-
More By This Creator
Popular Quizzes Today
1
Find the US States - No Outlines Minefield
2
Find the Countries of Europe - No Outlines Minefield
3
The Countries of the World
4
Find the US States
5
Popular People in 1961
6
US States
7
Risky Map Clicking: Biggest States A-Z
8
Movies - When Are They Set?
More Sports Quizzes
Lampard's Champions League Defeated XI's
Quiz Lab
Trending Quizzes
Risky Map Clicking: Least Populous States A-Z
1-10 Letter G Words
1-10 Letter F Words
Risky Map Clicking: Next State Alphabetically
Risky Map Clicking: Biggest States A-Z
Recently Updated
Leaping Animals
pecheneg
Reality TV Shows (A-Z)
bhenderson79
Rickey Henderson's Hall of Fame Teammates
pecheneg
Champions League XIs: Arsenal
pecheneg
Quick Pick: Celebrities in WWE's Hall of Fame
aduchscher
A-Z Keypad Blitz II
pecheneg
Multiple Oscar Actors
pecheneg
Mystery Phrase Blitz: Oscar 'Best Actors'
pecheneg
F. Scott Fitzgerald Novels
LTH
Pick 3 Villains
ddd62291
Trending Topics
NBA
Disney
Marvel
Crossword
Anime
Kpop
Harry Potter
Pokémon
Puzzle
NFL
Country
The Office
Song
WWE
Soccer
Your Account Isn't Verified!
In order to create a playlist on Sporcle, you need to verify the email address you used during registration. Go to your
Sporcle Settings
to finish the process.
Report this User
Report this user for behavior that violates our
Community Guidelines
.
Details:
Send Report
Go to the Sporcle.com Mobile Site →
Comments